| 000 | 00404nam a2200121 a 4500 | ||
|---|---|---|---|
| 008 | 120416s9999 ||||||||||||||||| || u | ||
| 050 | _aTHESIS | ||
| 100 | _aChalwe, Kelvin Soya | ||
| 245 | 1 | 0 | _aSocial recovery through debt cancellation |
| 260 | _a2001 | ||
| 350 | _a0.00 | ||
| 995 |
_D0.00 _FCBU-MAIN LIBRARY (Kitwe) _H1 _I0.00 _UAVAILABLE _ZUniversity Collection |
||
| 999 |
_c57731 _d57731 |
||